000 00553nam a2200205Ia 4500
005 20250326143639.0
008 250326s9999 xx 000 0 und d
020 _a0-07-052907-8
037 _aTextbook
040 _aFMSL
_beng
_cFMSL
041 _aeng
_2eng
084 _aX:8D P5
_qFMSL
100 _aBrealey R A
245 0 _aPrinciples of corporate fice
_cBrealey R A; Myers S C
250 _a7
260 _aNew Delhi
_bNew Delhi, Tata McGraw Hill
_c2003
300 _a1069p
942 _cTB
_hX:8D P5
999 _c1300420
_d1300420